000
00285nam a22000857a 4500
008
240418b ||||| |||| 00| 0 eng d
100
_a
Shreves Philatelic Galleries inc
245
_a
The Grand Prix Collection formed by Dr. Pichai Buranasombati
650
_a
Great Britain | Line Engraved Issues
999
_c
3588
_d
3588